000 00954nam a22002297a 4500
999 _c3638
_d3638
003 AR-CdUCM
008 190307b ||||| |||| 00| 0 Spa d
040 _aMUNICIPALIDAD PROVINCIAL DEL CUSCO
_cBIBLIOTECA MUNICIPAL DEL CUSCO
082 _a869.56 /
_bN56
100 _aNieto, Luis
_911864
245 _aAntología Mínima
260 _aCusco :
_bUniversidad Andina del Cusco,
_c2010.
300 _a100 páginas ;
_c24 cm.
500 _aEsta Antología mínima, que la Universidad Andina del Cusco publica cuando se celebra el centenario del nacimiento del poeta, pone pues al alcance de las nuevas generaciones de lectores los poemas más celebres del autor de Charango.
505 _aContenido: Cantos de amor -- Cantos de Batalla -- Cantos al terruño.
650 _aPoesía Cusqueña
_92323
650 _aPoeta Peruana
_911865
650 _aSiglo XX
_98
710 _aUniversidad Andina del Cusco
_9768
942 _2ddc
_cLIBROS
945 _araen